|
|
|
|
| LEADER |
00000nab a2200000 a 4500 |
| 001 |
vtls001018764 |
| 003 |
SK-MaSNL |
| 005 |
20260303035508.0 |
| 008 |
040720e19941018xo 0 slo |
| 035 |
|
|
|a SN4704
|
| 040 |
|
|
|a SNSK
|b slo
|c SNSK
|e AACR2
|
| 041 |
0 |
|
|a slo
|
| 044 |
|
|
|a xo
|c SK
|
| 080 |
|
|
|a 352
|2 1981
|
| 100 |
0 |
|
|a (re)
|4 aut
|9 881052
|
| 245 |
1 |
0 |
|a Pozícia sa stabilizuje
|b Obecný úrad v Nálepkove vytvoril 115 pracovných miest
|
| 610 |
2 |
7 |
|a Nálepkovo (Slovensko).
|b Obecný úrad
|2 SNSK
|9 194746
|
| 650 |
0 |
7 |
|a rozpočet finančný
|2 SNSK
|9 885691
|
| 650 |
0 |
7 |
|a zmeny
|2 SNSK
|9 474771
|
| 651 |
|
7 |
|a Nálepkovo (Slovensko)
|2 SNSK
|9 56242
|
| 651 |
|
7 |
|a SN,
|2 SNSK
|9 1021277
|
| 655 |
|
7 |
|a periodikum
|2 snkbucl
|9 29553
|
| 710 |
2 |
|
|a Nálepkovo (Slovensko).
|b Obecný úrad
|4 aut
|9 194746
|
| 773 |
0 |
8 |
|t Pravda
|g Roč. 4, č.241, 18.10.1994, s. 11
|
| 852 |
|
|
|a ZVYKNI
|b KIS3GCP
|
| 999 |
|
|
|c 1677821
|d 1679751
|